| 000 | 00844nam a2200229 a 4500 | ||
|---|---|---|---|
| 005 | 20240910063800.0 | ||
| 008 | 060529s2004 ag r 000 0 spa d | ||
| 020 | _a9870004202 | ||
| 035 | _aUPN01000144849 | ||
| 049 | _aCG | ||
| 050 | 4 |
_aRJ506 H9 _bA3.3 |
|
| 245 | 0 | 0 |
_aADHD : _b¿enfermos o singulares? : una mirada diferente sobre el síndrome de hiperactividad y déficit de atención / _ccomp. José María Moyano Walker. |
| 260 |
_aBuenos Aires : _bLumen-Hvmanitas, _c2004. |
||
| 300 | _a123 p. | ||
| 590 | _a(También localizas un ejemplar en el "Area de Reserva") | ||
| 590 | _aBibliografía Básica (BGTQ) | ||
| 650 | 4 |
_aNiños con trastorno por déficit de la atención _92908 |
|
| 650 | 4 |
_aHiperactividad _93080 |
|
| 650 | 4 | _aTERAPIA CONDUCTUAL PARA NIÑOS | |
| 700 | 1 |
_aMoyano Walker, José María, _ecomp. |
|
| 905 | _aLibro | ||
| 999 |
_c116996 _d116996 |
||